00119 2200061 4500001002100000990001800021990001800039INLIS000000000000482 a000574.001110 a000574.001111